000 00292nam a22001217a 4500
008 170922b xxu||||| |||| 00| 0 eng d
041 _aeng
080 _a37
100 _a46
101 _aEDU
245 _aDICOURSE IN THE CULTURAL POLITICS OF EDUCATION
_cASHER.N
942 _2udc
_cBK
999 _c29067
_d29067